| 000 | 00786nam a2200229 i 4500 | ||
|---|---|---|---|
| 001 | 115384 | ||
| 003 | ES-MaACL | ||
| 005 | 20250825062552.0 | ||
| 007 | t| | ||
| 008 | 070307s1931 sp ||||1| spa d | ||
| 080 | _a821.134.2-23"19" | ||
| 100 | 1 |
_aCuquerella, Félix. _942197 |
|
| 245 | 1 | 0 |
_aHace falta un suicida _b: grotesco en tres actos / _cFélix Cuquerella y Pedro S. Neyra. |
| 260 |
_aMadrid : _bPrensa Moderna, _c1931. |
||
| 300 |
_a62 p. ; _c17 cm. |
||
| 490 | 1 |
_aEl Teatro moderno ; _v290 |
|
| 500 | _aEstrenado con clamoroso éxito el 13 de marzo de 1931 en el teatro de la Comedia, de Madrid. | ||
| 700 | 1 |
_aSánchez de Neyra, Pedro. _9102592 |
|
| 830 | 0 | 3 |
_aEl teatro moderno (Prensa Moderna) _v290 _9182365 |
| 852 |
_aES-MaACL _jC-13133 |
||
| 999 |
_c115384 _d115384 |
||